01316nam a2200241Ia 4500001000600000003000900006008004100015040001300056040001300069041001300082100001900095100002900114245006300143245005000206250001100256260000900267260002400276260004900300300005900349500060800408650002701016650003101043C7488IT-RoPAU130308s9999 xx 000 0 und d aIT-RoPAU cIT-RoPAU aITALIANO aPorro Maurizio gCodice Aut. SPICS: 2402 aMaestri della cinepresa (I): l'impronta dei grandi registi bCapolavori raccontano un Secolo di Cinema (I) a1a ed. aALBA bPeriodici San Paolo c1994 [1° Ed.:1994 - Ed.Ling.Originale:1994] a"16 p. (prefazione: no ; testo: 16 [pagine: 245-260])" aPoeti della settima Musa. Federico Fellini: L'Immaginario al Potere, scheda e Note del Film Otto e mezzo (1963). Orson Welles: Il Grande Solitario, scheda e Note del Film Quarto Potere (1941). Luchino Visconti: L'Esteta, scheda e Note del Film Il Gattopardo (1963). Akira Kurosawa: Il Patriarca, scheda e Note del Film Dersu Uzala Il Piccolo Uomo delle Grandi Pianure (1975). Luis Bunuel: Il Dissacratore, scheda e Note del Film Il fascino Discreto della borghesia (1972). Michelangelo Antonioni: L'Aristocratico. Ingmar Bergman: Il dubbio e la Ricerca, scheda e Note del Film Il Settimo sigillo (1956). aGENERI CINEMATOGRAFICI eCodice materia Spics: 6810